| 000 | 00659cam a2200217 a 4500 | ||
|---|---|---|---|
| 001 | 000010061 | ||
| 005 | 20200929161826.0 | ||
| 008 | 930923s1993 sp 000 p spa d | ||
| 020 | _a8487101682 | ||
| 040 |
_aDO-SdBNP _cMiEM _dDLC |
||
| 082 |
_a861.64 _bG216f |
||
| 100 | 1 |
_aGarcía Ortega, Adolfo, _d1958- _925039 |
|
| 245 | 1 | 0 |
_aFortuna / _cAdolfo García Ortega. |
| 260 |
_aValencia : _bPre-Textos, _c1993. |
||
| 300 |
_a102 p. ; _c20 cm. |
||
| 490 | 1 |
_aPre-textos Poesía _v163 |
|
| 650 | 4 |
_aPoesía española _9631 |
|
| 650 | 4 |
_aLiteratura española _ySIGLO XX _93326 |
|
| 830 | 0 |
_aPre-textos Poesía ; _v163 _94686 |
|
| 910 | _aCatalogación por copia / LC | ||
| 999 |
_c9820 _d9820 |
||